KOHA-Header-6

An Introduction To Database Systems (Record no. 8840)

000 -LEADER
fixed length control field 00247nam a2200109Ia 4500
020 ## - INTERNATIONAL STANDARD BOOK NUMBER
ISBN 978-0201543292
100 ## - MAIN ENTRY--AUTHOR NAME
Personal name C.J. Date
245 #3 - TITLE STATEMENT
Title An Introduction To Database Systems
260 ## - PUBLICATION, DISTRIBUTION, ETC. (IMPRINT)
Place of publication New Delhi
Name of publisher Viva Books
Year of publication 2002
300 ## - PHYSICAL DESCRIPTION
Number of Pages 666
942 ## - ADDED ENTRY ELEMENTS (KOHA)
Koha item type Books
Holdings
Withdrawn status Lost status Collection code Permanent Location Current Location Shelving location Date acquired Full call number Accession Number Koha item type
    Database Systems MAJU MAJU Shelf No.B19 2019-09-14 5.75 3899 Computer Science

Powered by Koha